[Event "Alekhine"]
[Site "Charlesbourg CAN"]
[Date "2014.09.01"]
[Round "1"]
[White "Dube, Daniel"]
[Black "Beaudoin, Stephane"]
[Result "0-1"]
[WhiteElo "1832"]
[BlackElo "2153"]
[PlyCount "48"]
[EventDate "2014.09.01"]
[EventType "swiss"]
[EventRounds "5"]
[EventCountry "CAN"]

1. d4 Nf6 2. Nc3 g6 3. e4 d6 4. g3 Bg7 5. Bg2 O-O 6. Nge2 Na6 7. h3 Rb8 8. Be3
b5 9. e5 Nd7 10. exd6 exd6 11. Bc6 Bb7 12. Bxb7 Rxb7 13. Qd3 Nb4 14. Qe4 Rb8
15. O-O Nf6 16. Qf3 Nxc2 17. Rac1 Nxe3 18. fxe3 b4 19. Nd5 Nxd5 20. Qxd5 Qe7
21. Rf3 Qd7 22. Kg2 Qa4 23. Rxc7 Qb5 24. Rfxf7 Qxd5+ 0-1

[Event "Alekhine"]
[Site "Charlesbourg CAN"]
[Date "2014.09.01"]
[Round "1"]
[White "Garneau, Benoit"]
[Black "Boissinot, Claude"]
[Result "1-0"]
[WhiteElo "1945"]
[BlackElo "1509"]
[PlyCount "77"]
[EventDate "2014.09.01"]
[EventType "swiss"]
[EventRounds "5"]
[EventCountry "CAN"]

1. e4 c5 2. Nc3 Nc6 3. f4 d6 4. Nf3 a6 5. g3 Qc7 6. Nd5 Qd8 7. Bg2 e6 8. Ne3
Qc7 9. b3 Nf6 10. d3 Be7 11. O-O O-O 12. Bb2 Bd7 13. g4 Ne8 14. g5 Rc8 15. c4
f5 16. exf5 exf5 17. Nd5 Qd8 18. Re1 Rf7 19. Re3 Bf8 20. Qe2 g6 21. Nf6+ Nxf6
22. Bxf6 Qc7 23. Re1 Bg7 24. Bxg7 Kxg7 25. Qb2+ Kg8 26. d4 cxd4 27. Nxd4 Qb6
28. Bxc6 bxc6 29. Kf1 c5 30. Nf3 Qc6 31. Kf2 Re8 32. h4 Rxe3 33. Rxe3 Qc7 34.
h5 Qd8 35. Qd2 Bc6 36. Ne5 Rc7 37. Nxc6 Rxc6 38. Qd5+ Kg7 39. Qxc6 1-0

[Event "Alekhine"]
[Site "Charlesbourg CAN"]
[Date "2014.09.01"]
[Round "1"]
[White "Lessard, Claude"]
[Black "Lord, Daniel"]
[Result "1-0"]
[WhiteElo "2045"]
[BlackElo "1581"]
[PlyCount "109"]
[EventDate "2014.09.01"]
[EventType "swiss"]
[EventRounds "5"]
[EventCountry "CAN"]

1. d4 g6 2. c4 Bg7 3. Nc3 c5 4. d5 e6 5. e4 e5 6. d6 Nf6 7. Bg5 Qb6 8. Qd2 O-O
9. f3 Ne8 10. Be7 Nc6 11. Bxf8 Bxf8 12. Nd5 Qa6 13. Nh3 Nd4 14. Qc3 Qxd6 15.
Bd3 Bh6 16. O-O Qe6 17. f4 d6 18. f5 Qd7 19. Qe1 Qd8 20. Qf2 gxf5 21. exf5 f6
22. g4 Nc7 23. Qh4 Nxd5 24. Qxh6 Nb4 25. Be4 Nbc2 26. g5 Qf8 27. Qh5 Qg7 28.
Kh1 Nxa1 29. gxf6 Qxf6 30. Rg1+ Kf8 31. Qxh7 Qf7 32. Qh8+ Ke7 33. Rg7 Bxf5 34.
Rxf7+ Kxf7 35. Bd5+ Kg6 36. Qxa8 Bxh3 37. Qxa7 Nac2 38. Be4+ Bf5 39. Qxb7 Ne3
40. b3 Kg5 41. a4 Kf4 42. Bxf5 Nexf5 43. a5 e4 44. a6 e3 45. Qg2 Nc6 46. Kg1
Nfd4 47. Qg3+ Ke4 48. Kg2 Kd3 49. Qe1 Nxb3 50. h4 Nbd4 51. h5 Nf5 52. Qb1+ Kd2
53. Qxf5 e2 54. Qf2 Kd1 55. h6 1-0

[Event "Alekhine"]
[Site "Charlesbourg CAN"]
[Date "2014.09.01"]
[Round "1"]
[White "May, Oliver"]
[Black "Drolet, Stephane"]
[Result "0-1"]
[WhiteElo "1813"]
[BlackElo "2135"]
[PlyCount "74"]
[EventDate "2014.09.01"]
[EventType "swiss"]
[EventRounds "5"]
[EventCountry "CAN"]

1. e4 e6 2. g3 d5 3. Bg2 dxe4 4. Nc3 f5 5. f3 exf3 6. Nxf3 Nc6 7. O-O Bc5+ 8.
Kh1 Nf6 9. d3 O-O 10. Ne2 e5 11. Nxe5 Nxe5 12. d4 Neg4 13. h3 Bd6 14. hxg4 Nxg4
15. Bd5+ Kh8 16. c4 Qe8 17. Kg2 c6 18. Bf3 Ne3+ 19. Bxe3 Qxe3 20. d5 c5 21. Qc2
Bd7 22. Rae1 Qg5 23. Rh1 Be8 24. Rh3 Bg6 25. Reh1 Rae8 26. Bh5 h6 27. Bxg6 Qxg6
28. Qd2 Kg8 29. Nf4 Bxf4 30. Qxf4 Re4 31. Qc7 f4 32. Rf1 Re2+ 33. Kg1 Qg4 34.
Rxf4 Rxf4 35. Qxf4 Qxh3 36. Qf3 Re1+ 37. Kf2 Qf1# 0-1

[Event "Alekhine"]
[Site "Charlesbourg CAN"]
[Date "2014.09.01"]
[Round "1"]
[White "May, Phillip"]
[Black "Tremblay-Alix, Eric"]
[Result "0-1"]
[WhiteElo "1266"]
[BlackElo "1896"]
[PlyCount "62"]
[EventDate "2014.09.01"]
[EventType "swiss"]
[EventRounds "5"]
[EventCountry "CAN"]

1. e4 e6 2. d4 c5 3. Nf3 d5 4. e5 Nc6 5. Bb5 a6 6. Bxc6+ bxc6 7. c3 cxd4 8. Qa4
Bd7 9. Nxd4 c5 10. Nc6 Qc7 11. Qf4 Bxc6 12. c4 Ne7 13. O-O Ng6 14. Qg3 Be7 15.
b3 Bh4 16. Qe3 d4 17. Qd3 Nxe5 18. Qh3 Ng6 19. g3 Bf6 20. Ba3 Qe5 21. Nd2 Qg5
22. Rad1 Nf4 23. f3 Nxh3+ 24. Kg2 Nf4+ 25. Kg1 Ne2+ 26. Kg2 Qe3 27. Bxc5 g5 28.
Ne4 Bxe4 29. fxe4 Qxe4+ 30. Rf3 g4 31. Bd6 Qxf3# 0-1

[Event "Alekhine"]
[Site "Charlesbourg CAN"]
[Date "2014.09.01"]
[Round "1"]
[White "Tremblay, Rejean"]
[Black "Glode, Martin"]
[Result "1-0"]
[WhiteElo "2198"]
[BlackElo "1873"]
[PlyCount "39"]
[EventDate "2014.09.01"]
[EventType "swiss"]
[EventRounds "5"]
[EventCountry "CAN"]

1. d4 d5 2. c4 c5 3. cxd5 Nf6 4. Nc3 Nxd5 5. e4 Nxc3 6. bxc3 cxd4 7. cxd4 e6 8.
Nf3 Bb4+ 9. Bd2 Bxd2+ 10. Qxd2 O-O 11. Bc4 b6 12. Qe2 Bb7 13. O-O Nc6 14. Rfd1
Qf6 15. Rac1 Rfd8 16. Ba6 Bxa6 17. Qxa6 Rac8 18. d5 exd5 19. exd5 Nb4 20. Qxc8
1-0

[Event "Alekhine"]
[Site "Charlesbourg CAN"]
[Date "2014.09.08"]
[Round "2"]
[White "Beaudoin, Stephane"]
[Black "Garneau, Benoit"]
[Result "1-0"]
[WhiteElo "2153"]
[BlackElo "1945"]
[PlyCount "70"]
[EventDate "2014.09.01"]
[EventType "swiss"]
[EventRounds "5"]
[EventCountry "CAN"]

1. e4 g6 2. d4 Bg7 3. Nc3 c5 4. Nf3 cxd4 5. Nxd4 Nc6 6. Nb3 Nf6 7. Be2 O-O 8.
O-O d6 9. Be3 Be6 10. f4 Qc8 11. Qe1 Rd8 12. Qg3 Bg4 13. Bd3 Nh5 14. Qf2 f5 15.
Bc4+ Kh8 16. h3 fxe4 17. hxg4 Qxg4 18. Be2 Qe6 19. Bxh5 gxh5 20. Nb5 Qg4 21. c3
Rg8 22. Rad1 Raf8 23. N5d4 Nxd4 24. cxd4 Bf6 25. d5 Bh4 26. Bd4+ Rf6 27. Qc2
Bg3 28. Qxe4 Qh4 29. Rf3 Qh2+ 30. Kf1 Qh1+ 31. Ke2 Qxg2+ 32. Kd3 h4 33. Rg1 Qh3
34. Qxe7 Qf5+ 35. Ke2 Rgg6 1-0

[Event "Alekhine"]
[Site "Charlesbourg CAN"]
[Date "2014.09.08"]
[Round "2"]
[White "Drolet, Stephane"]
[Black "Tremblay, Rejean"]
[Result "0-1"]
[WhiteElo "2135"]
[BlackElo "2198"]
[PlyCount "122"]
[EventDate "2014.09.01"]
[EventType "swiss"]
[EventRounds "5"]
[EventCountry "CAN"]

1. c4 c5 2. Nc3 Nc6 3. g3 d6 4. Bg2 Nf6 5. b3 g6 6. Bb2 Bg7 7. e3 O-O 8. d4 Bg4
9. Nge2 cxd4 10. exd4 Qc8 11. h3 Bd7 12. d5 Nb4 13. a3 Na6 14. Nf4 Nc7 15. O-O
Rb8 16. b4 Na8 17. Re1 Nb6 18. Ne4 Nxc4 19. Nxf6+ exf6 20. Bd4 a6 21. Rc1 b5
22. Qd3 Re8 23. h4 Rxe1+ 24. Rxe1 Ne5 25. Qb1 Qd8 26. Qa1 Rc8 27. Ne2 Rc4 28.
Be3 Qc7 29. Nd4 f5 30. Qd1 Ng4 31. Nc6 Nxe3 32. Rxe3 f4 33. Re7 Bf6 34. Qe1
fxg3 35. fxg3 Rc3 36. Qd2 Rxg3 37. Qf2 Rxg2+ 38. Qxg2 Bxe7 39. Nxe7+ Kg7 40.
Qb2+ f6 41. h5 Qc4 42. hxg6 Qg4+ 43. Qg2 Qxg2+ 44. Kxg2 hxg6 45. Nc6 f5 46. Nd8
Kf6 47. Kf3 Ke5 48. Nf7+ Kxd5 49. Kf4 Kc4 50. Nxd6+ Kb3 51. Nf7 Kxa3 52. Ne5
Be8 53. Nd3 Kb3 54. Ke3 Kc3 55. Nc5 Kxb4 56. Nxa6+ Kc4 57. Nc7 Bd7 58. Na8 Kc5
59. Kf4 b4 60. Nc7 b3 61. Na6+ Kc4 0-1

[Event "Alekhine"]
[Site "Charlesbourg CAN"]
[Date "2014.09.08"]
[Round "2"]
[White "Hirschberg, Valerian"]
[Black "Lessard, Claude"]
[Result "1-0"]
[WhiteElo "2322"]
[BlackElo "2045"]
[PlyCount "53"]
[EventDate "2014.09.01"]
[EventType "swiss"]
[EventRounds "5"]
[EventCountry "CAN"]

1. Nf3 Nf6 2. c4 e6 3. g3 d5 4. Bg2 dxc4 5. Qa4+ Nbd7 6. Qxc4 c5 7. Qb3 Rb8 8.
a4 b6 9. Nc3 a6 10. d3 Bd6 11. O-O Bb7 12. Ng5 Bxg2 13. Kxg2 O-O 14. Nxe6 fxe6
15. Qxe6+ Kh8 16. Qxd6 Qe8 17. Qf4 Qe6 18. Qe3 Qf7 19. f4 b5 20. axb5 axb5 21.
Qf3 b4 22. Nd1 Qb3 23. Ne3 Rbe8 24. Nc4 h5 25. h3 g5 26. fxg5 Ng4 27. Bf4 1-0

[Event "Alekhine"]
[Site "Charlesbourg CAN"]
[Date "2014.09.08"]
[Round "2"]
[White "Tremblay-Alix, Eric"]
[Black "Caire, Francois"]
[Result "0-1"]
[WhiteElo "1896"]
[BlackElo "2148"]
[PlyCount "98"]
[EventDate "2014.09.01"]
[EventType "swiss"]
[EventRounds "5"]
[EventCountry "CAN"]

1. c4 c6 2. Nc3 d5 3. cxd5 cxd5 4. Nf3 Nf6 5. d4 Nc6 6. g3 Bf5 7. Bg2 e6 8. a3
Bd6 9. O-O O-O 10. Re1 Rc8 11. Bg5 h6 12. e4 Bxe4 13. Nxe4 dxe4 14. Bxf6 Qxf6
15. Rxe4 Rfd8 16. Qe2 Bc7 17. Rd1 Bb6 18. Rf4 Qe7 19. Bh3 Rd5 20. Ne5 Nxd4 21.
Rdxd4 Bxd4 22. Rxf7 Rxe5 23. Qxe5 Kxf7 24. Qxd4 b6 25. Bg4 Kg8 26. Qe4 Re8 27.
Bh5 Rf8 28. Be2 Qf6 29. f3 Qf5 30. Qxf5 Rxf5 31. a4 Rd5 32. Bc4 Rd1+ 33. Kg2
Kf7 34. b3 Kf6 35. h4 e5 36. Kf2 g5 37. hxg5+ hxg5 38. Ke2 Rd4 39. Ke3 Ke7 40.
Bg8 Kd6 41. Bf7 Kc5 42. Be6 Kb4 43. Bg8 a5 44. Be6 Kc3 45. Bg8 Rb4 46. Bd5 Rxb3
47. Ke4 Rb4+ 48. Kxe5 Rxa4 49. Kf5 Rc4 0-1

[Event "Alekhine"]
[Site "Charlesbourg CAN"]
[Date "2014.09.15"]
[Round "3"]
[White "Arteau, Benoit"]
[Black "Glode, Martin"]
[Result "1/2-1/2"]
[WhiteElo "1828"]
[BlackElo "1873"]
[PlyCount "88"]
[EventDate "2014.09.01"]
[EventType "swiss"]
[EventRounds "5"]
[EventCountry "CAN"]

1. b3 e5 2. Bb2 Nc6 3. e3 Nf6 4. Bb5 Bd6 5. Ne2 a6 6. Bxc6 dxc6 7. O-O O-O 8.
d3 Qe7 9. e4 Rd8 10. Nd2 Bc5 11. Ng3 Ng4 12. Nf3 f6 13. Nh4 Nh6 14. Qf3 Bg4 15.
Ngf5 Nxf5 16. Qxg4 Nxh4 17. Qxh4 Ba3 18. Bxa3 Qxa3 19. f4 Qc5+ 20. Qf2 Qd6 21.
Rae1 c5 22. Re3 Re8 23. Rg3 exf4 24. Qxf4 Qxf4 25. Rxf4 Kf7 26. Rf5 b6 27. Rgf3
Kg8 28. Rd5 Re7 29. Kf2 Rae8 30. h4 Re5 31. Rf5 Rxf5+ 32. Rxf5 Kf7 33. Ke3 g6
34. Rf3 Re5 35. g4 Ke6 36. c3 f5 37. g5 b5 38. Rf4 c4 39. bxc4 bxc4 40. d4
Rxe4+ 41. Rxe4+ fxe4 42. Kxe4 c6 43. a3 a5 44. a4 Kd6 1/2-1/2

[Event "Alekhine"]
[Site "Charlesbourg CAN"]
[Date "2014.09.15"]
[Round "3"]
[White "Caire, Francois"]
[Black "Laflamme, Simon"]
[Result "1-0"]
[WhiteElo "2148"]
[BlackElo "2033"]
[PlyCount "69"]
[EventDate "2014.09.01"]
[EventType "swiss"]
[EventRounds "5"]
[EventCountry "CAN"]

1. d4 d5 2. Nf3 Nf6 3. c4 e6 4. Nc3 Bb4 5. e3 O-O 6. Bd3 c5 7. O-O dxc4 8. Bxc4
cxd4 9. exd4 Nc6 10. Bg5 Be7 11. Re1 b6 12. a3 Bb7 13. Qd3 Rc8 14. Rad1 Qc7 15.
Ba2 Rfd8 16. Bb1 g6 17. Qe2 Nd5 18. Nxd5 Rxd5 19. Bxe7 Nxe7 20. Ba2 Rd6 21. Ne5
Bd5 22. Bb1 Nc6 23. Qe3 Nxe5 24. dxe5 Rc6 25. h4 Qe7 26. h5 Qh4 27. hxg6 hxg6
28. Rd4 Qh5 29. Bd3 Kg7 30. Qf4 Rh8 31. Qf6+ Kg8 32. f3 Qh6 33. Rxd5 exd5 34.
Qxc6 d4 35. e6 1-0

[Event "Alekhine"]
[Site "Charlesbourg CAN"]
[Date "2014.09.15"]
[Round "3"]
[White "Doyon, Stephane"]
[Black "Drolet, Stephane"]
[Result "0-1"]
[WhiteElo "1879"]
[BlackElo "2135"]
[PlyCount "68"]
[EventDate "2014.09.01"]
[EventType "swiss"]
[EventRounds "5"]
[EventCountry "CAN"]

1. e4 c6 2. d4 g6 3. Nf3 d5 4. exd5 cxd5 5. c4 Nf6 6. cxd5 Bg7 7. Bb5+ Bd7 8.
Bc4 b5 9. Bb3 O-O 10. O-O Bc8 11. Bg5 Bb7 12. d6 Qxd6 13. Nc3 a6 14. Re1 Nbd7
15. Ne5 Nb6 16. Bf4 Qd8 17. Rc1 Nbd5 18. Bg3 e6 19. Nxd5 Bxd5 20. Nc6 Qd7 21.
Ne5 Qb7 22. Nd3 Bxg2 23. Rc7 Qf3 24. Ne5 Qxd1 25. Rxd1 Bd5 26. Bxd5 Nxd5 27.
Rc5 Bh6 28. Ng4 Bg5 29. Be5 h5 30. f4 Be7 31. Nf2 f6 32. Rxd5 exd5 33. Bc7 Rac8
34. Bb6 Rc6 0-1

[Event "Alekhine"]
[Site "Charlesbourg CAN"]
[Date "2014.09.15"]
[Round "3"]
[White "Dube, Daniel"]
[Black "Gagnon, Stephane"]
[Result "1-0"]
[WhiteElo "1832"]
[BlackElo "1558"]
[PlyCount "75"]
[EventDate "2014.09.01"]
[EventType "swiss"]
[EventRounds "5"]
[EventCountry "CAN"]

1. e4 e5 2. Nf3 Nc6 3. d4 exd4 4. Nxd4 Bc5 5. Nb3 Bb6 6. Nc3 a6 7. Qe2 d6 8.
Be3 Bxe3 9. Qxe3 Be6 10. Nd4 Nge7 11. Nxe6 fxe6 12. Bc4 Qd7 13. Qh3 Nd4 14.
O-O-O e5 15. Bf7+ Kd8 16. Qg3 Nef5 17. exf5 Qxf5 18. Rxd4 exd4 19. Qxg7 Qe5 20.
Qxe5 dxe5 21. Ne4 Ke7 22. Bd5 c6 23. Bc4 b5 24. Bd3 Rhg8 25. Ng3 h5 26. h4 Rxg3
27. fxg3 Rg8 28. Rh3 c5 29. Be2 e4 30. Bxh5 Rf8 31. Rh1 Rf2 32. Re1 e3 33. Bf3
Kd6 34. h5 c4 35. h6 d3 36. cxd3 cxd3 37. Rxe3 d2+ 38. Kd1 1-0

[Event "Alekhine"]
[Site "Charlesbourg CAN"]
[Date "2014.09.15"]
[Round "3"]
[White "Garneau, Benoit"]
[Black "Coulon, Dominic"]
[Result "1-0"]
[WhiteElo "1945"]
[BlackElo "1830"]
[PlyCount "63"]
[EventDate "2014.09.01"]
[EventType "swiss"]
[EventRounds "5"]
[EventCountry "CAN"]

1. Nf3 f5 2. g3 Nf6 3. Bg2 e6 4. c4 Be7 5. d4 O-O 6. O-O d6 7. Nc3 Qe8 8. Bg5
Nbd7 9. Re1 d5 10. Nb5 Bd8 11. Bf4 c6 12. Nd6 Qe7 13. c5 h6 14. Nxc8 Rxc8 15.
Bd6 Qf7 16. Bxf8 Kxf8 17. Qa4 a6 18. Rad1 Bc7 19. b4 e5 20. dxe5 Nxe5 21. Qc2
Ne4 22. Nxe5 Bxe5 23. Bxe4 fxe4 24. f3 Qc7 25. fxe4 Bxg3 26. Rf1+ Kg8 27. e3
Bh4 28. exd5 cxd5 29. Rxd5 Qe7 30. Qd3 Re8 31. Rf3 Qe6 32. Qf5 1-0

[Event "Alekhine"]
[Site "Charlesbourg CAN"]
[Date "2014.09.15"]
[Round "3"]
[White "Lessard, Claude"]
[Black "Pouliot, Lewis"]
[Result "1-0"]
[WhiteElo "2045"]
[BlackElo "1488"]
[PlyCount "37"]
[EventDate "2014.09.01"]
[EventType "swiss"]
[EventRounds "5"]
[EventCountry "CAN"]

1. d4 d5 2. Nf3 Nf6 3. g3 b5 4. a4 b4 5. c4 c6 6. cxd5 cxd5 7. Bg2 a5 8. O-O g6
9. Nbd2 Bg7 10. Ne5 Bb7 11. Nb3 Nbd7 12. Bf4 Rc8 13. Qd3 Qb6 14. Qb5 Qxb5 15.
axb5 Ra8 16. Nxa5 Nxe5 17. Nxb7 Rxa1 18. Rxa1 O-O 19. Bxe5 1-0

[Event "Alekhine"]
[Site "Charlesbourg CAN"]
[Date "2014.09.15"]
[Round "3"]
[White "Tremblay, Rejean"]
[Black "Beaudoin, Stephane"]
[Result "1/2-1/2"]
[WhiteElo "2198"]
[BlackElo "2153"]
[PlyCount "78"]
[EventDate "2014.09.01"]
[EventType "swiss"]
[EventRounds "5"]
[EventCountry "CAN"]

1. d4 Nf6 2. c4 g6 3. Nc3 Bg7 4. Nf3 O-O 5. g3 d6 6. Bg2 Nbd7 7. O-O e5 8. h3
c6 9. e4 Re8 10. d5 Qe7 11. Be3 cxd5 12. cxd5 b6 13. Qc2 Ba6 14. Rfd1 Rec8 15.
Nd2 Rc7 16. Qa4 Bd3 17. Ndb1 Bxb1 18. Raxb1 Nc5 19. Qa3 Qe8 20. b4 Nb7 21. Rbc1
Nh5 22. Bf3 f5 23. Bxh5 f4 24. Bg4 fxe3 25. fxe3 a5 26. bxa5 Nxa5 27. Qxd6 Re7
28. Ne2 Bh6 29. Rd3 b5 30. Be6+ Kh8 31. Ra3 Rea7 32. Rxa5 Rxa5 33. Rc7 Bg7 34.
Rxg7 Kxg7 35. Qxe5+ Kh6 36. h4 Rxa2 37. Qf4+ Kg7 38. Qe5+ Kh6 39. Qf4+ Kg7
1/2-1/2

[Event "Alekhine"]
[Site "Charlesbourg CAN"]
[Date "2014.09.22"]
[Round "4"]
[White "Beaudoin, Stephane"]
[Black "Caire, Francois"]
[Result "1/2-1/2"]
[WhiteElo "2153"]
[BlackElo "2148"]
[PlyCount "58"]
[EventDate "2014.09.01"]
[EventType "swiss"]
[EventRounds "5"]
[EventCountry "CAN"]

1. e4 c5 2. Nf3 Nc6 3. d4 cxd4 4. Nxd4 Nf6 5. Nc3 e5 6. Nf3 Bb4 7. Bc4 Nxe4 8.
O-O Nxc3 9. bxc3 Be7 10. Qd5 O-O 11. Nxe5 Nxe5 12. Qxe5 d6 13. Qg3 Qc7 14. Bd3
Bf6 15. Ba3 Rd8 16. Rad1 Be6 17. Be4 Qxc3 18. Bxd6 Rd7 19. Qxc3 Bxc3 20. Bc5
Rad8 21. Rxd7 Rxd7 22. Bxa7 Bxa2 23. Be3 g6 24. Bf3 Kg7 25. Rd1 Rxd1+ 26. Bxd1
b5 27. Be2 b4 28. Kf1 b3 29. cxb3 Bxb3 1/2-1/2

[Event "Alekhine"]
[Site "Charlesbourg CAN"]
[Date "2014.09.22"]
[Round "4"]
[White "Drolet, Stephane"]
[Black "Bahadi, Khalid"]
[Result "1-0"]
[WhiteElo "2135"]
[BlackElo "1964"]
[PlyCount "121"]
[EventDate "2014.09.01"]
[EventType "swiss"]
[EventRounds "5"]
[EventCountry "CAN"]

1. Nf3 d5 2. g3 Nd7 3. d4 Ngf6 4. Bg2 c5 5. O-O e6 6. c4 cxd4 7. Qxd4 e5 8.
Nxe5 Bc5 9. Qf4 Bd6 10. Nxf7 Bxf4 11. Nxd8 Bxc1 12. Rxc1 Kxd8 13. cxd5 Re8 14.
Nc3 Rb8 15. e4 Nc5 16. f3 b5 17. Bf1 a6 18. Nxb5 Ncxe4 19. Na7 Nd2 20. Nc6+ Kc7
21. d6+ Kb7 22. Bxa6+ Kxa6 23. Nxb8+ Kb6 24. d7 Nxd7 25. Nxd7+ Bxd7 26. Kf2 Rf8
27. f4 Re8 28. Re1 Ne4+ 29. Kg1 Bf5 30. Rad1 Rc8 31. Rd5 Bg6 32. f5 Bf7 33. Rd7
Ng5 34. Re2 Bh5 35. Rd6+ Kb5 36. Re5+ Kc4 37. Kf2 Ra8 38. h4 Nf7 39. b3+ Kb4
40. Re4+ Kc5 41. Rd2 Nd6 42. Re5+ Kc6 43. Re6 Rd8 44. b4 Bf7 45. b5+ Kc5 46.
Re5+ Kc4 47. Ke3 Kb4 48. Kf4 Kc3 49. Rd1 Bxa2 50. Rc5+ Kb4 51. Rc6 Nb7 52. Rxd8
Nxd8 53. Rc8 Nf7 54. b6 Nd6 55. Rc6 Nb7 56. Rc7 Bd5 57. Rxg7 Nd6 58. Rxh7 Kc5
59. Rd7 Kc6 60. Rxd6+ Kxd6 61. Kg5 1-0

[Event "Alekhine"]
[Site "Charlesbourg CAN"]
[Date "2014.09.22"]
[Round "4"]
[White "Dube, Daniel"]
[Black "Doyon, Stephane"]
[Result "1-0"]
[WhiteElo "1832"]
[BlackElo "1879"]
[PlyCount "135"]
[EventDate "2014.09.01"]
[EventType "swiss"]
[EventRounds "5"]
[EventCountry "CAN"]

1. d4 d5 2. c4 c6 3. Nf3 Nf6 4. Qc2 e6 5. Nbd2 Nbd7 6. g3 Bd6 7. Bg2 O-O 8. O-O
e5 9. cxd5 cxd5 10. dxe5 Nxe5 11. Nxe5 Bxe5 12. Nf3 Qc7 13. Qxc7 Bxc7 14. Rd1
Bf5 15. Nd4 Be4 16. Bg5 Bxg2 17. Bxf6 Bh3 18. Nb5 Bb6 19. Bd4 Bxd4 20. Rxd4
Rac8 21. Nc3 Be6 22. Rad1 Rc4 23. Kg2 Rxd4 24. Rxd4 Re8 25. Nxd5 Kf8 26. Nc7
Rc8 27. Nxe6+ fxe6 28. Rd7 Rc2 29. Rxb7 Rxe2 30. a4 a5 31. b3 Rb2 32. Kf3 h6
33. h4 Kg8 34. Ke3 e5 35. Rb5 Kf7 36. f3 g5 37. hxg5 hxg5 38. Ke4 Re2+ 39. Kf5
Re3 40. Kg4 e4 41. fxe4 Rxe4+ 42. Kxg5 Re3 43. g4 Rc3 44. Rxa5 Rxb3 45. Ra7+
Kg8 46. Kg6 Rb6+ 47. Kg5 Rc6 48. Kh5 Rb6 49. a5 Rc6 50. g5 Rd6 51. g6 Rd1 52.
a6 Rh1+ 53. Kg5 Rg1+ 54. Kf6 Rf1+ 55. Ke5 Re1+ 56. Kd5 Rd1+ 57. Kc6 Rc1+ 58.
Kb7 Kg7 59. Kb8+ Kxg6 60. Rb7 Rf1 61. a7 Rf8+ 62. Kc7 Rf7+ 63. Kb6 Rf6+ 64. Ka5
Rf5+ 65. Rb5 Rf1 66. Rb6+ Kf7 67. Ka6 Ke7 68. a8=Q 1-0

[Event "Alekhine"]
[Site "Charlesbourg CAN"]
[Date "2014.09.22"]
[Round "4"]
[White "Garneau, Benoit"]
[Black "Lessard, Claude"]
[Result "0-1"]
[WhiteElo "1945"]
[BlackElo "2045"]
[PlyCount "82"]
[EventDate "2014.09.01"]
[EventType "swiss"]
[EventRounds "5"]
[EventCountry "CAN"]

1. e4 g6 2. d4 c6 3. Nf3 Bg7 4. Nc3 d6 5. h3 Nf6 6. Be3 O-O 7. a4 Nbd7 8. Be2
e5 9. dxe5 dxe5 10. O-O Qe7 11. Nd2 Nc5 12. b4 Ne6 13. b5 Nf4 14. Rb1 Be6 15.
Bg4 Nxg4 16. hxg4 Qh4 17. bxc6 bxc6 18. g3 Qh3 19. Qf3 Bxg4 20. Qh1 Ne6 21. Rb7
Nd4 22. Qxh3 Bxh3 23. Rfb1 Nxc2 24. Bxa7 Rfd8 25. Rb8 Bf8 26. Nc4 f6 27. Rxd8
Rxd8 28. Rb8 Rd3 29. Ne2 Kg7 30. a5 Bg4 31. Rb2 Ne1 32. Bb6 Rd1 33. Kh2 Ra1 34.
Bd8 Bc5 35. Ng1 Nf3+ 36. Nxf3 Bxf3 37. g4 Bxe4 38. Rb7+ Kg8 39. Ne3 f5 40. gxf5
gxf5 41. Ng2 Bxf2 0-1

[Event "Alekhine"]
[Site "Charlesbourg CAN"]
[Date "2014.09.22"]
[Round "4"]
[White "Hirschberg, Valerian"]
[Black "Tremblay, Rejean"]
[Result "1-0"]
[WhiteElo "2322"]
[BlackElo "2198"]
[PlyCount "73"]
[EventDate "2014.09.01"]
[EventType "swiss"]
[EventRounds "5"]
[EventCountry "CAN"]

1. Nf3 Nf6 2. g3 g6 3. Bg2 Bg7 4. c4 O-O 5. d4 d6 6. Nc3 Nc6 7. O-O Bf5 8. d5
Na5 9. Nd4 Bd7 10. b3 c5 11. dxc6 Nxc6 12. Bb2 Rc8 13. Nc2 a6 14. Ne3 Re8 15.
Qd2 Qa5 16. Rfd1 Qh5 17. Ncd5 Ng4 18. Nxg4 Bxg4 19. h3 Bd7 20. Bxg7 Kxg7 21. c5
Rcd8 22. g4 Qh4 23. Qc3+ f6 24. Nc7 Rh8 25. cxd6 e5 26. Bxc6 bxc6 27. Qg3 Qxg3+
28. fxg3 a5 29. Rac1 h5 30. gxh5 Bxh3 31. Rxc6 Rxh5 32. Nd5 Be6 33. Rc7+ Bf7
34. d7 f5 35. Ne7 f4 36. Rc8 fxg3 37. Rxd8 1-0

[Event "Alekhine"]
[Site "Charlesbourg CAN"]
[Date "2014.09.22"]
[Round "4"]
[White "Pouliot, Lewis"]
[Black "Tremblay-Alix, Eric"]
[Result "1-0"]
[WhiteElo "1488"]
[BlackElo "1821"]
[PlyCount "103"]
[EventDate "2014.09.01"]
[EventType "swiss"]
[EventRounds "5"]
[EventCountry "CAN"]

1. c4 b6 2. Nc3 Bb7 3. Nf3 Nf6 4. d4 d5 5. Bf4 e6 6. e3 Bb4 7. a3 Bxc3+ 8. bxc3
Ne4 9. Qc2 g5 10. Be5 f6 11. Bg3 h5 12. h3 Rg8 13. cxd5 Qxd5 14. Bxc7 Qa5 15.
Bd3 Qxc3+ 16. Qxc3 Nxc3 17. O-O g4 18. hxg4 Rxg4 19. Ne1 Kd7 20. f3 Rg7 21. Bh2
Nc6 22. Rc1 Nd5 23. e4 Ne3 24. Rf2 Rc8 25. Bf4 Nxg2 26. Rxg2 Rxg2+ 27. Nxg2
Nxd4 28. Rxc8 Bxc8 29. Kf2 e5 30. Be3 Ne6 31. Bb5+ Ke7 32. Nh4 Ng7 33. Bd2 f5
34. exf5 Nxf5 35. Nxf5+ Bxf5 36. Kg3 Kf6 37. Kh4 e4 38. f4 Bg6 39. Be3 Kf5 40.
Bd7+ Kf6 41. Bd4+ Ke7 42. Bc8 Kd8 43. Bb7 Kc7 44. Ba8 Kb8 45. Bd5 Kc7 46. Kg5
Kd6 47. Ba8 Bh7 48. Kxh5 Ke6 49. Kg5 Bf5 50. Bb7 Bh7 51. Bc8+ Kd6 52. Be3 1-0

[Event "Alekhine"]
[Site "Charlesbourg CAN"]
[Date "2014.09.29"]
[Round "5"]
[White "Arteau, Benoit"]
[Black "Dube, Daniel"]
[Result "1-0"]
[WhiteElo "1828"]
[BlackElo "1832"]
[PlyCount "53"]
[EventDate "2014.09.01"]
[EventType "swiss"]
[EventRounds "5"]
[EventCountry "CAN"]

1. b3 e5 2. Bb2 Nc6 3. e3 d5 4. Bb5 Bd6 5. Nf3 f6 6. d4 e4 7. Nfd2 Nge7 8. c4
Bb4 9. O-O O-O 10. cxd5 Nxd5 11. Nxe4 f5 12. Nec3 Nxc3 13. Nxc3 f4 14. Qd3 Bxc3
15. Qxc3 Qg5 16. Bc4+ Kh8 17. exf4 Qa5 18. Rfe1 Qxc3 19. Bxc3 Bf5 20. d5 Nd8
21. Re7 Rf7 22. Rae1 h5 23. d6 Bg6 24. Re8+ Kh7 25. Bxf7 Bxf7 26. dxc7 Bxe8 27.
Rxe8 1-0

[Event "Alekhine"]
[Site "Charlesbourg CAN"]
[Date "2014.09.29"]
[Round "5"]
[White "Caire, Francois"]
[Black "Hirschberg, Valerian"]
[Result "1-0"]
[WhiteElo "2148"]
[BlackElo "2321"]
[PlyCount "121"]
[EventDate "2014.09.01"]
[EventType "swiss"]
[EventRounds "5"]
[EventCountry "CAN"]

1. e4 c5 2. Nf3 Nf6 3. d4 cxd4 4. Nxd4 Nc6 5. Nc3 e5 6. Ndb5 d6 7. Bg5 a6 8.
Na3 b5 9. Nd5 Be7 10. Bxf6 Bxf6 11. c3 Bg5 12. Nc2 Rb8 13. a4 bxa4 14. Ncb4 Bd7
15. Bxa6 Ne7 16. O-O O-O 17. Bc4 Kh8 18. Nxe7 Qxe7 19. Qd3 f5 20. Rad1 fxe4 21.
Qxe4 Rbc8 22. Qd3 Bg4 23. Rde1 e4 24. Qxe4 Qxe4 25. Rxe4 Bf5 26. Rd4 Bf6 27.
Rf4 Be5 28. Rxf5 Rxf5 29. Be6 Rff8 30. Bxc8 Rxc8 31. Ra1 Ra8 32. Nd5 g5 33. Nb6
Ra6 34. Nxa4 d5 35. Ra2 Kg7 36. Kf1 h5 37. h3 g4 38. hxg4 hxg4 39. b3 Rc6 40.
Rd2 Bxc3 41. Nxc3 Rxc3 42. Rxd5 Rxb3 43. Rg5+ Kf6 44. Rxg4 Kf5 45. f3 Rb2 46.
Re4 Ra2 47. Re2 Ra1+ 48. Kf2 Kf4 49. Re4+ Kf5 50. g4+ Kg5 51. Re5+ Kg6 52. Kg3
Ra4 53. f4 Rb4 54. Re6+ Kg7 55. g5 Ra4 56. Kg4 Ra1 57. Kf5 Ra5+ 58. Re5 Ra7 59.
g6 Kh6 60. Kf6 Rg7 61. Rh5+ 1-0